Letters from Burma (Record no. 9441)

MARC details
000 -LEADER
fixed length control field 00602nam a2200253 a 4500
020 ## - INTERNATIONAL STANDARD BOOK NUMBER
ISBN
082 00 - DEWEY DECIMAL CLASSIFICATION NUMBER
Classification number 923.0591
Author Cutter SUU2
100 ## - MAIN ENTRY--AUTHOR NAME
Author name Suu Kyi, Aung San
245 ## - TITLE STATEMENT
Title Letters from Burma
260 ## - PUBLICATION, DISTRIBUTION, ETC. (IMPRINT)
Place of publication London
Name of publisher Penguin Book
Year of publication 1996
300 ## - PHYSICAL DESCRIPTION
Number of Pages 209p
500 ## - GENERAL NOTE
General note includes index and biblioraphy
505 2# - FORMATTED CONTENTS NOTE
Formatted contents note Index
650 ## - SUBJECT ADDED ENTRY--TOPICAL TERM
Topical Term Burma
650 ## - SUBJECT ADDED ENTRY--TOPICAL TERM
Topical Term Biography-Aung San Suu Kyi
942 ## - ADDED ENTRY ELEMENTS (KOHA)
Koha item type Books
700 1# -
-- Suu Kyi, Aung San
Holdings
Collection code Home library Current library Date acquired Cost, normal purchase price Full call number Accession Number Koha item type
  Henry Martyn Institute Library Henry Martyn Institute Library 06/06/2007 295.26 923.0591 SUU2 017564 Books
                   Copyright © 2026 | Henry Martyn Institute | Hyderabad | TS-500052 | INDIA | Implemented by hmi.edu.in
Hit-Count:

Powered by Koha